00323nam a2200133Ia 45000010005000000080041000050200018000460820020000641000017000842450023001012600024001249010026001489990015001742162241024s9999 xx 000 0 und d a99934-965-5-3 aRD/861.44/P522d aOscar Peña 0aDanza del instinto bEd. Universalc2004 a8/3/2012 3:19:42 p.m. c7870d7870